Statystyki dla Piłka nożna quiz #50 - Najwięcej występów w reprezentacji Chorwacji

Kliknij tutaj aby rozwiązać quiz!

Ogólne statystyki

  • Ten quiz został rozwiązany 59 razy
  • Średni wynik to 4 z 10

Statystyki odpowiedzi

MiejsceZawodnikLata gryMeczeBramki% Poprawnych
1Luka Modrić2006–obecnie17424
100%
3Ivan Perišić2011–obecnie12933
70%
5Ivan Rakitić2007–201910615
60%
8Domagoj Vida2010–obecnie1044
49%
2Darijo Srna2002–201613422
46%
7Ivica Olić2002–201510420
33%
4Stipe Pletikosa1999–20141140
30%
9Vedran Ćorluka2006–20181034
23%
10Dario Šimić1996–20081003
18%
6Josip Šimunić2002–20131053
4%

Rozkład punktacji

Percentyl według liczby udzielonych odpowiedzi

Procent ludzi z każdym wynikiem

Twoja historia wyników

Nie rozwiązałeś tego quizu